Faculty of Law Library — Cairo University

Official Online Catalog

Précis de Droit Pénal Spécial / (Record no. 71544)

MARC details
000 -LEADER
fixed length control field 01199nam a2200361 i 4500
003 - CONTROL NUMBER IDENTIFIER
control field EG-GICUC
005 - DATE AND TIME OF LATEST TRANSACTION
control field 20260418130844.0
008 - FIXED-LENGTH DATA ELEMENTS--GENERAL INFORMATION
fixed length control field 260417s1959 fr |||fr|||| 00| 0 fre d
040 ## - CATALOGING SOURCE
Original cataloging agency EG-GiCUC
Language of cataloging fre
Transcribing agency EG-GiCUC
Modifying agency EG-GiCUC
Description conventions Rda
082 04 - DEWEY DECIMAL CLASSIFICATION NUMBER
Edition number 21
Classification number 343.2
Item number GO . D
092 04 - LOCALLY ASSIGNED DEWEY CALL NUMBER (OCLC)
Edition number 21
099 ## - LOCAL FREE-TEXT CALL NUMBER (OCLC)
Classification number Law1 10 343.2 GO . D 5 1959
100 1# - MAIN ENTRY--PERSONAL NAME
Personal name Goyet, F.
Relator term Auteur
245 10 - TITLE STATEMENT
Title Précis de Droit Pénal Spécial /
Remainder of title
Statement of responsibility, etc. F.rancisque Goyet, Marcel Rousselet, Maurice Patin
250 ## - EDITION STATEMENT
Edition statement 7 Édition
Remainder of edition statement Entièrement Refondue
264 #1 - PRODUCTION, PUBLICATION, DISTRIBUTION, MANUFACTURE, AND COPYRIGHT NOTICE
Place of production, publication, distribution, manufacture Paris :
Name of producer, publisher, distributor, manufacturer Sirey,
Date of production, publication, distribution, manufacture, or copyright notice 1959.
264 #3 - PRODUCTION, PUBLICATION, DISTRIBUTION, MANUFACTURE, AND COPYRIGHT NOTICE
Name of producer, publisher, distributor, manufacturer Imp. Jouve
300 ## - PHYSICAL DESCRIPTION
Extent 87 pages ;
Dimensions 24 cm.
336 ## - CONTENT TYPE
Source rda contenu
Content type term texte
337 ## - MEDIA TYPE
Source rda medias
Media type term Ordinateur
338 ## - CARRIER TYPE
Source transporteur rda
Carrier type term Ressource en ligne
500 ## - GENERAL NOTE
General note Supplément Mettant L'ouvrage À Jour AU 1ER Mai 1959
546 ## - LANGUAGE NOTE
Language note Texte en français
650 1# - SUBJECT ADDED ENTRY--TOPICAL TERM
Topical term or geographic name entry element Droit Pénal Spécial
Source of heading or term qrmak
650 1# - SUBJECT ADDED ENTRY--TOPICAL TERM
Topical term or geographic name entry element Droit Do Pénal
Source of heading or term qrmak
650 1# - SUBJECT ADDED ENTRY--TOPICAL TERM
Topical term or geographic name entry element Droit pénal spécial
Source of heading or term qrmak
651 1# - SUBJECT ADDED ENTRY--GEOGRAPHIC NAME
Source of heading or term qrmak
700 1# - ADDED ENTRY--PERSONAL NAME
Personal name Rousselet, Marcel
Relator term Co-Auteur
700 1# - ADDED ENTRY--PERSONAL NAME
Personal name Patin, Maurice
Relator term Co-Auteur
856 40 - ELECTRONIC LOCATION AND ACCESS
Uniform Resource Identifier <a href="https://fll.law.cu.edu.eg/fulltext/bks/B10-09552.pdf">https://fll.law.cu.edu.eg/fulltext/bks/B10-09552.pdf</a>
905 ## - Cataloger and Reviser Names
Cataloger Name: Yasmin Sayed
942 ## - ADDED ENTRY ELEMENTS (KOHA)
Source of classification or shelving scheme Dewey Decimal Classification
Suppress in OPAC No
Koha item type Books
Edition 21
Holdings
Withdrawn status Lost status Source of classification or shelving scheme Damaged status Not for loan Collection Home library Current library Date acquired Inventory number Total checkouts Full call number Barcode Date last seen Copy number Price effective from Koha item type
    Dewey Decimal Classification   Not for loan القانون الجنائي جــــامعة القــاهرة مكتبة كلية الحقوق - المبنى الرئيسي 17.04.2026   Law1 10 343.2 GO . D 7 ed - 1959 1009552 C1 B10-09552 17.04.2026 1 17.04.2026 Books
    Dewey Decimal Classification     القانون الجنائي جــــامعة القــاهرة مكتبة كلية الحقوق - المبنى الرئيسي 18.04.2026     Law1 10 343.2 GO . D 7 ed - 1959 1009998 C2 B10-09998 18.04.2026 2 18.04.2026 Books
    Dewey Decimal Classification     القانون الجنائي مكتبة كلية الحقوق - فـرع الشيخ زايد مكتبة كلية الحقوق - فـرع الشيخ زايد 30.04.2026     Law2 10 343.2 GO . D 7 ed - 1959 1011305 C3 B10-11305 30.04.2026 3 30.04.2026 Books

© All rights reserved — Faculty of Law, Cairo University